MDQL
is popping MORE tags! Check the
thread
!
Quizzes
Events
Quiz Creation
Community
Videos
Private Events
Remove Ads
Sign In
Join for FREE
Feedback
Dark Mode
Quiz Categories
Sports
Geography
Music
Movies
Television
Just For Fun
Miscellaneous
History
Literature
Language
Science
Gaming
Entertainment
Religion
Holiday
For Kids
Quiz Lab
Recent
Popular Today
Quiz Kudos Today
Editor Picks
Curator Picks
Quizzes by...
Day
Popularity
Type
Ratings
Length
Year
Community
Subscriptions
Recent Discussions
Orange Saloon
Badges
Playlists
Quests
Create
Leaderboards
Showdown
Live 5
Trivia Bingo
Activity
Puzzle Library
Sporcle Events
Private Events
Virtual Trivia
Globe League
Become a Host
Pub Owners
SporcleCon
Opinionation
Our Games
Videos
Blog
Mobile Apps
Partnerships
Remove Ads and Go Orange
Feedback
Movies
Disney
Marvel Cinematic Universe
Movie Resume
Movie Titles
Oscar
Actor
Actress
Director
Pixar
Role
Movie Quotes
Movie Characters
Box Office
Nominee
Best Picture
Star Wars
James Bond
Horror Movies
Movies
Disney
Marvel Cinematic Universe
Movie Resume
Movie Titles
Oscar
Actor
Actress
Director
Pixar
Role
Movie Quotes
Movie Characters
Box Office
Nominee
Best Picture
Star Wars
James Bond
Horror Movies
Random Quiz
Search Sporcle
×
Quiz Lab
Quiz Lab
Movies
Real World
Type in answers that appear in a list
Type in answers that appear in a list
Classic
Best Score? Go Orange.
The Real Avatar Quiz Stats
Can you name the The Real Avatar Quiz?
By
11jsterkenburg
10m
20 Questions
210 Plays
210 Plays
210 Plays
Comments
Comments
Give Quiz Kudos
Give Quiz Kudos
-
- Ratings
hide this ad
Replay
Link that replays current quiz
Next Quiz
Link to next quiz in quiz playlist
You Got
0%
They Got
Avg Score
38%
Avg Friend Score
Upgrade to see
Score Distribution
Jump to the score distribution portion of the page
Score
0/20
Timer
10:00
0
Plays Today
Avatar Quiz
% Correct
Back on Earth, Jake Sully was a...
marine
85.7%
How many times does Jake fall off the horse?
2
80.5%
What is the dominant hand of most Na'vi people?
left
70.5%
Humans are known as what to the Na'vi?
skypeople
63.3%
In Hell's Gate, which level is the bio-
lab on?
6
62.4%
In order to maintain balance at 10 feet tall, the Na'vi have a...
tail
61.4%
Grace can be seen doing this periodically throughout the movie
smoking
55.2%
Toruk stands for...
last Shadow
51.4%
Jake Sully becomes Olo'Eyktan at the end. Who's position does he replace?
Eytukan
39%
Neytiri's Mother is better known as...
Mo'at
34.3%
Avatar Quiz
% Correct
The Na'vi word for 'leader'
Olo'Eyktan
24.8%
Jake Sully gets attacked by a pack of dog looking creatures. What are these creatures called?
viperwolves
24.3%
The Mobile Link is Located at Site...
26
22.4%
Humans Breathe on Pandora using a...
exo pack
19%
The long black braid on a Na'vi is called a...
queue
18.1%
Solar System that Pandora is in...
Alpha Centauri
14.8%
What language is displayed on Norm Spellman's hat when he is taking root samples?
Braille
11.9%
Jake Sully is Cryogenically Frozen for...
5 years 9 months 22 days
11.4%
Finish the quote: 'I was a warrior who dreamed he could bring peace, ...
sooner or later though you always have to wake up
9.5%
The red painted Na'vi is the leader of what clan?
ikran people of the eastern sea
7.1%
Quiz Playlist
Details
Report
Send in Message
Add To Playlist
Classic:
Type in answers that appear in a list
Last Updated: Feb 16, 2017
Quiz Scoreboard
CHALLENGE
Sign Up to Join the Scoreboard
Show All
Scores
Hide
Comments
May contain spoilers
Recently Published
Holiday 10x10 Sorting Gallery
by lukepisani3
Holiday
15m
Two Season TV Shows II
by 123Four
Television
10m
Image Sorting: Flags VI
by Barbecue
Geography
2m
More to Explore
Quiz From the Vault
Featured Blog Post
14 Easter Pick-up Lines to Find Eggs With
hide this ad
You Might Also Like...
Tags
Avatar
Real World
Today's Top Quizzes in Movies
Browse Movies
hide this ad
Today's Top Quizzes in Real World
Browse Real World
Top Contributed Quizzes in Movies
1
The ultimate James Bond movie quiz
2
Find The 'Big' Movie
3
Find The 'Wild' Movie
4
Find The 'Blue' Movie
5
Movies By Plot
6
Hidden Star Wars Character II
7
25 Best Actor Nominees (1990s)
8
Hidden Star Wars Character III
9
😉 2024 Oscar Nominees by Emoji
10
Hidden Star Wars Character IV
Explore More
Trending Topics
Harry Potter
NBA
Kpop
Marvel
Anime
Crossword
Disney
Soccer
WWE
Puzzle
Country
Pokémon
NFL
Song
The Office
hide this ad
More By:
11jsterkenburg
Quiz
Plays
Rating
Category
Featured
Created
The Real Avatar Quiz
210
5.00
Movies
May 19, 2010
Go to Creator's Profile
Score Distribution
Quiz Creator Spotlight
11jsterkenburg
Follow
Send a Message
Quizzes Created
-
Created Quiz Play Count
-
More By This Creator
Popular Quizzes Today
1
Find the US States - No Outlines Minefield
2
Colored Red Africa Blitz
3
Find the 'City' Movie
4
The Countries of the World
5
Find the US States
6
5x2 Blitz: Bands
7
Find the Countries of Europe - No Outlines Minefield
8
US States
More Movies Quizzes
In Which MCU Movie: War Machine
Quiz Lab
Trending Quizzes
Colored Red Europe Blitz I
Colored Red Europe Blitz II
Colored Red Africa Blitz II
Colored Red Europe Blitz III
Colored Red Africa Blitz III
Recently Updated
Odd Team Out - Big 4 Players
pecheneg
Quick Pick: 20 Twenties
pecheneg
March Madness Men's Triple Doubles
pecheneg
How Do You Spell That?
pecheneg
Godzilla Movies
pecheneg
Grab Bag: 4-10 Letters
pecheneg
2024 March Madness Bracket
pecheneg
Famous TV Couples
Peacemaker
Champions League XIs: Real Madrid
pecheneg
Largest US Cities 1790-2010
pecheneg
Trending Topics
Crossword
Anime
Marvel
NBA
Harry Potter
Kpop
Disney
The Office
WWE
Soccer
Puzzle
Pokémon
Country
Song
NFL
Your Account Isn't Verified!
In order to create a playlist on Sporcle, you need to verify the email address you used during registration. Go to your
Sporcle Settings
to finish the process.
Report this User
Report this user for behavior that violates our
Community Guidelines
.
Details:
Send Report
Go to the Sporcle.com Mobile Site →
Comments